Meowsterpieces : (Record no. 376154)
[ view plain ]
| 000 -LEADER | |
|---|---|
| fixed length control field | 01694nam a2200457 i 4500 |
| 001 - CONTROL NUMBER | |
| control field | 3324415 |
| 005 - DATE AND TIME OF LATEST TRANSACTION | |
| control field | 20221102095636.0 |
| 008 - FIXED-LENGTH DATA ELEMENTS--GENERAL INFORMATION | |
| fixed length control field | 220916s2022 nyua b 000 1 eng d |
| 010 ## - LIBRARY OF CONGRESS CONTROL NUMBER | |
| LC control number | 2021948817 |
| 020 ## - INTERNATIONAL STANDARD BOOK NUMBER | |
| International Standard Book Number | 9781419760518 : |
| Terms of availability | $19.99 |
| 020 ## - INTERNATIONAL STANDARD BOOK NUMBER | |
| International Standard Book Number | 1419760513 : |
| Terms of availability | $19.99 |
| 035 ## - SYSTEM CONTROL NUMBER | |
| System control number | (OCoLC)12992993 |
| 035 ## - SYSTEM CONTROL NUMBER | |
| System control number | (OCoLC)on12992993 |
| 035 ## - SYSTEM CONTROL NUMBER | |
| System control number | 3323914 |
| 040 ## - CATALOGING SOURCE | |
| Original cataloging agency | PABRO |
| Language of cataloging | eng |
| Description conventions | rda |
| Transcribing agency | PABRO |
| 050 #4 - LIBRARY OF CONGRESS CALL NUMBER | |
| Classification number | PZ8.3.B1524 |
| Item number | Meo 2022 |
| 082 04 - DEWEY DECIMAL CLASSIFICATION NUMBER | |
| Classification number | [E] |
| Edition number | 23 |
| 092 ## - LOCALLY ASSIGNED DEWEY CALL NUMBER (OCLC) | |
| Classification number | E |
| 999 ## - SYSTEM CONTROL NUMBERS (KOHA) | |
| Koha Dewey Subclass [OBSOLETE] | E |
| 100 1# - MAIN ENTRY--PERSONAL NAME | |
| Personal name | Bailey, Jenn, |
| Dates associated with a name | 1965- |
| Relator term | author. |
| 9 (RLIN) | 5811590 |
| 245 10 - TITLE STATEMENT | |
| Title | Meowsterpieces : |
| Remainder of title | a cat's guide to art... and life! / |
| Statement of responsibility, etc | written by Jenn Bailey ; illustrated by Nyangsongi. |
| 264 #1 - Production, Publication, Distribution, Manufacture, and Copyright Notice. | |
| Place of production, publication, distribution, manufacture | New York, NY : |
| Name of producer, publisher, distributor, manufacturer | Magic Cat Publishing, |
| Date of production, publication, distribution, manufacture, or copyr | 2022. |
| 300 ## - PHYSICAL DESCRIPTION | |
| Extent | 1 volume (unpaged) : |
| Other physical details | illustrations (some color) ; |
| Dimensions | 32 cm |
| 336 ## - Content Type | |
| Content type term | text |
| 337 ## - Media type | |
| Media type term | unmediated |
| 338 ## - Carrier type | |
| Carrier type term | volume |
| 520 ## - SUMMARY, ETC. | |
| Summary, etc | Publisher Annotation: Join Mama Cat and her playful kittens as they take inspiration from some of the world's great masterpieces to learn the art of being a cat. |
| 521 1# - TARGET AUDIENCE NOTE | |
| Target audience note | 3-8 |
| Source | Brodart. |
| 521 2# - TARGET AUDIENCE NOTE | |
| Target audience note | P-3 |
| Source | Brodart. |
| 650 #0 - SUBJECT ADDED ENTRY--TOPICAL TERM | |
| Topical term or geographic name as entry element | Cats |
| Form subdivision | Juvenile fiction. |
| 9 (RLIN) | 5674206 |
| 650 #1 - SUBJECT ADDED ENTRY--TOPICAL TERM | |
| Topical term or geographic name as entry element | Cats |
| Form subdivision | Fiction. |
| 9 (RLIN) | 5674208 |
| 650 #0 - SUBJECT ADDED ENTRY--TOPICAL TERM | |
| Topical term or geographic name as entry element | Art |
| Form subdivision | Juvenile fiction. |
| 9 (RLIN) | 5706344 |
| 650 #1 - SUBJECT ADDED ENTRY--TOPICAL TERM | |
| Topical term or geographic name as entry element | Art |
| Form subdivision | Fiction. |
| 9 (RLIN) | 5693566 |
| 650 #0 - SUBJECT ADDED ENTRY--TOPICAL TERM | |
| Topical term or geographic name as entry element | Stories in rhyme. |
| 650 #1 - SUBJECT ADDED ENTRY--TOPICAL TERM | |
| Topical term or geographic name as entry element | Stories in rhyme. |
| 650 #7 - SUBJECT ADDED ENTRY--TOPICAL TERM | |
| Topical term or geographic name as entry element | JUVENILE FICTION / Art. |
| Source of heading or term | bisacsh |
| 9 (RLIN) | 6002293 |
| 650 #7 - SUBJECT ADDED ENTRY--TOPICAL TERM | |
| Topical term or geographic name as entry element | JUVENILE FICTION / Animals / Cats. |
| Source of heading or term | bisacsh |
| 9 (RLIN) | 5719412 |
| 650 #7 - SUBJECT ADDED ENTRY--TOPICAL TERM | |
| Topical term or geographic name as entry element | JUVENILE FICTION / Stories in Verse. |
| Source of heading or term | bisacsh |
| 9 (RLIN) | 5717143 |
| 700 0# - ADDED ENTRY--PERSONAL NAME | |
| Personal name | Nyangsongi |
| Titles and other words associated with a name | (Illustrator) |
| Relator term | illustrator. |
| 9 (RLIN) | 6457324 |
| 942 ## - ADDED ENTRY ELEMENTS (KOHA) | |
| Source of classification or shelving scheme | Dewey Decimal Classification |
| Koha item type | BOOK |
| Withdrawn status | Lost status | Source of classification or shelving scheme | Damaged status | Not for loan | Collection code | Home library | Current library | Shelving location | Date acquired | Source of acquisition | Total Checkouts | Total Renewals | Full call number | Barcode | Date last seen | Date checked out | Cost, replacement price | Price effective from | Koha item type |
|---|---|---|---|---|---|---|---|---|---|---|---|---|---|---|---|---|---|---|---|
| Dewey Decimal Classification | Children NonFiction | Wasatch County Library | Wasatch County Library | Main Floor Childrens Area | 10/19/2022 | Micromarketing | 18 | 9 | E Art Bailey | 34301001894775 | 12/01/2025 | 11/17/2025 | 19.99 | 10/19/2022 | BOOK |
